000 00794nam a2200253 a 4500
001 000006686
003 DO-SdBNP
005 20180125131654.0
007 000006686
008 090902s20uu dr a 000 p spa d
040 _aBPMSU
_bspa
_cBPMSU
082 4 _aRD861.44
_bM671hay
100 1 _aMir, Pedro,
_d1913-2000
245 1 0 _aHay un país en el mundo /
_cPedro Mir.
_b
260 _aSanto Domingo :
_bMinisterio de Cultura,
_c[200?].
300 _a19 p. ;
_bil. ;
_c22 cm.
563 _aDos obras publicadas juntas con paginación continua.
650 4 _aPOESÍA DOMINICANA
650 4 _aLITERATURA DOMINICANA
910 _aValidado. Control de calidad BNPHU
942 _2ddc
_cMU
945 _aTítulo remanejado para BNPHU / 2017 VM
956 _aVMATEO
_b10
_c20150908
_lBPMSU
_h00151
999 _c7456
_d7456